00634nam a22001937a 4500010001500000020002200015035001300037037001500050082001100065100003100076245004000107260003800147270005700185300002500242700000900267942002500276999001700301952012200318 aENG-100762 c55.00a8177355767 aEN-84295 bDBAD / PUB a954.31 aR. Lakshminarayanan914437 aChettinad /cby R. Lakshminarayanan aChennaibPavai Publicationsc2008 a142, Jani Jan Khan Road, RoyapettahbChennaie600014 a107 p. c24cm (Pbk)  96162 2ddccENmRLAh954.31 c42308d42308 001040708NFICaBL1bBL1d2010-08-17g55.00l0o954.31 RLApEN-84295r2010-08-17 00:00:00t1v55.00w2010-08-17yEN